00958nam a2200241 a 450000100100000000500170001000800410002702000150006804000250008308200240010810000300013224501550016225000110031726000620032830000280039065000330041865000370045165000460048870000280053404900090056295201280057199900170069900002338320250225115302.0101206s1997 sp a r 001 0 spa d a8448110889 aDO-SdBNPbspacBNPHU a001.42bM778d, 19971 aLeón, Orfelio G.94816310aDiseño de investigación :bintroducción a la lógica de la investigación en psicología y educación /cOrfelio G. León, Ignacio Montero. a2a ed. aMadrid :bMcGraw-Hill, Interamericana de España,c1997. a392 p. :bil. ;c24 cm. 0a Ciencia -xMetodología93 4aPsicología experimental948164 4aEducaciónxMétodo experimental9481651 aMontero, Ignacio948166 aBNGR 001054708MOaGRbGRcCTd2010-12-06iLF1l0o001.42 M778d, 1997p23383-10r2020-06-25w2020-06-25y4ZPréstamo en sala c22880d22880